Guess the Fusion Rock Song Lyrics #121 - Statistics

General Stats
  • This quiz has been taken 9 times
  • The average score is 126 of 177
Answer Stats
Answer % Correct
a
100%
do
100%
don't
100%
dont
100%
Don't
100%
go
100%
Got
100%
how
100%
I
100%
I'm
100%
in
100%
it
100%
It
100%
my
100%
on
100%
that
100%
the
100%
to
100%
what
100%
you
100%
and
88%
But
88%
but
88%
Didn't
88%
Had
88%
know
88%
loved
88%
me
88%
of
88%
they
88%
think
88%
back
75%
head
75%
made
75%
man
75%
never
75%
one
75%
Out
75%
out
75%
Seems
75%
take
75%
which
75%
board
63%
girl
63%
give
63%
home
63%
I've
63%
rains
63%
tell
63%
under
63%
wanna
63%
Will
63%
747
50%
before
50%
bound
50%
break
50%
California
50%
folks
50%
found
50%
kind
50%
nearly
50%
Please
50%
pours
50%
Southern
50%
underfed
50%
warn
50%
west
50%
work
50%
ya
50%
bread
38%
deciding
38%
em
38%
Gimme
38%
heard
38%
movies
38%
offers
38%
often
38%
respect
38%
self
38%
talk
38%
TV
38%
Albert Hammond
25%
Ooh
25%
opportunities
25%
Rang
25%
rang
25%
sure
25%
true
25%
breaks
13%
No matching quizzes found
Score Distribution
Percent of People with Each Score
Percentile by Number Answered
Your Score History
You have not taken this quiz